000 00340nam a2200157Ia 4500
100 _aSloane/Paul
942 _cBK
366 _f20
654 _alateral thinking
245 _aLeaders guide to Lateral thinking skills
260 _bKogan Page
_c2007
082 _a658.314/SLO
_bSLO
300 _a183
546 _aENGLISH
999 _c32336
_d32336